Culture général du crazydogo - Statistiques

Statistiques générales
  • Ce quiz a été pris 26 fois
  • Le résultat moyen est 14 sur 20
Statistiques - réponses
Hint Réponse % Correct
Année de l'invasion de la Pologne par Hitler 1939
94%
Langue la plus parlée au monde Mandarin
83%
Plus petit pays du monde Vatican
83%
Durée de la guerre de cent ans 116 ans
78%
Nombre de spartiates emmenés par Léonidas pour combattre Xerxès 300
78%
Homme dont l'assassinat a déclenché la première guerre mondiale Archiduc François-Ferdinand
78%
Premier empereur romain Auguste
78%
Série télévisée avec un énorme mur, des hommes froids et des dragons Game of thrones
78%
Ville de l'assassinat Sarajevo
78%
Pays repris par les Talibans en 2021 Afghanistan
72%
Pays où se situe la Tasmanie Australie
72%
Objet donnant du feu et inventé avant les allumettes Briquet
72%
Humoriste français décédé à moto Coluche
72%
Machine de communication nazi déchiffrée par les anglais Enigma
67%
Plage principale du débarquement Omaha Beach
61%
Accords ayant mis fin à la guerre d'Algérie Accords d'Evian
56%
Matière ne possédant pas de prix Nobel Mathématiques
56%
Année de la séparation de l'Eglise et de l'Etat 1905
50%
Général qui s'est rendu au temple d'Amon (Egypte) pour consulter l'oracle Alexandre le grand
33%
Femelle du lièvre Hase
33%
Aucun quiz correspondant
Distribution des résultats
% des personnes avec chaque résultat
Percentile par nombre de réponses
Votre historique - résultats
Vous n’avez pas pris ce quiz